000 00327 a2200145 4500
001 168860
020 _a
040 _cMagnum
100 _aNapolitano, Marcos
240 1 0 _aComo usar a televisao na sala de aula
_lpor
245 1 0 _aComo usar a televisao na sala de aula
362 0 _a1899
697 _aGERAL
942 _cBK
999 _c168860
_d168860